ART OF WRITING EFFECTIVE EMAILS (Record no. 14832)
[ view plain ]
| 000 -LEADER | |
|---|---|
| fixed length control field | 00354nam a2200133Ia 4500 |
| 008 - FIXED-LENGTH DATA ELEMENTS--GENERAL INFORMATION | |
| fixed length control field | 240624s9999 xx 000 0 und d |
| 041 ## - LANGUAGE CODE | |
| Language code of text/sound track or separate title | eng |
| 082 ## - DEWEY DECIMAL CLASSIFICATION NUMBER | |
| Classification number | 651.752 JAY |
| 100 ## - MAIN ENTRY--PERSONAL NAME | |
| Personal name | JAYAPRAKASH SAJITHA |
| 245 ## - TITLE STATEMENT | |
| Title | ART OF WRITING EFFECTIVE EMAILS |
| 260 ## - PUBLICATION, DISTRIBUTION, ETC. | |
| Date of publication, distribution, etc. | 2010 |
| Place of publication, distribution, etc. | Mumbai |
| Name of publisher, distributor, etc. | Himalaya Books Pvt. Ltd. |
| 300 ## - PHYSICAL DESCRIPTION | |
| Extent | 100 : p. : cm. ; 21 |
| 365 ## - TRADE PRICE | |
| Currency code | RS |
| Price amount | 25 |
| Withdrawn status | Lost status | Damaged status | Not for loan | Home library | Current library | Shelving location | Date acquired | Source of acquisition | Cost, normal purchase price | Total Checkouts | Full call number | Barcode | Date last seen | Date last checked out | Copy number | Price effective from | Koha item type |
|---|---|---|---|---|---|---|---|---|---|---|---|---|---|---|---|---|---|
| IMTN | IMTN | Rack 17-B | 03/30/2010 | HPHPL | 98.00 | 1 | 651.752 JAY | 14832 | 07/26/2025 | 07/13/2025 | 1 | 06/24/2024 | Books |